| 000 | 01360cam a2200337 i 4500 | ||
|---|---|---|---|
| 999 |
_c3110 _d3110 |
||
| 001 | 18764556 | ||
| 003 | GBCCL | ||
| 005 | 20241126110447.0 | ||
| 008 | 150828s2016 ilu b 001 0 eng | ||
| 010 | _a 2015032925 | ||
| 020 | _aGS00005171099 | ||
| 020 | _a9781433536762 (hc) | ||
| 040 |
_aDLC _beng _cDLC _erda _dDLC |
||
| 042 | _apcc | ||
| 050 | 0 | 0 |
_aBS2330.3 _b.B525 2016 |
| 082 | 0 | 0 |
_a225.061 _223 _bBIB |
| 245 | 0 | 2 |
_aA biblical-theological introduction to the New Testament : _bthe gospel realized / _cedited by Michael J. Kruger ; foreword by J. Ligon Duncan III. |
| 250 | _aIst Indian edition | ||
| 264 | 1 |
_aWheaton, Illinois : _aSecunderabad : _bCrossway, _bGS Books, _c[2016] _c2017. |
|
| 300 |
_a655 pages ; _c27 cm |
||
| 336 |
_atext _btxt _2rdacontent |
||
| 337 |
_aunmediated _bn _2rdamedia |
||
| 338 |
_avolume _bnc _2rdacarrier |
||
| 504 | _aIncludes bibliographical references and indexes. | ||
| 630 | 0 | 0 |
_aBible. _pNew Testament _vIntroductions. _93504 |
| 700 | 1 |
_aKruger, Michael J., _eeditor. _96438 |
|
| 776 | 0 | 8 |
_iOnline version: _tBiblical-theological introduction to the New Testament _dWheaton : Crossway, 2016 _z9781433536779 _w(DLC) 2015034832 |
| 906 |
_a7 _bcbc _corignew _d1 _eecip _f20 _gy-gencatlg |
||
| 942 |
_2ddc _cBK _097 |
||